عرض عادي
عرض مارك
- Cloud computing
مدخل مصطلح موضوعي
001 - رقم الضبط
- حقل الضبط: 42613
003 - معرف رقم الضبط
- حقل الضبط: OSt
005 - تاريخ ووقت أخر عملية
- حقل الضبط: 20140127204723.0
008 - عناصر بيانات ثابتة الطول
- حقل تحكم ثابت الطول: 140127|||a|||||| | ||| d
040 ## - مصدر الفهرسة
- هيئة الفهرسة الأصلية: OSt
- وكالة الكتابة: OSt
150 ## - مدخل-- مصطلح تاريخي
- عنصر مدخل المصطلح الموضوعي او الاسم الجغرافي: Cloud computing
- تفريع عام: Examinations
- تفريع شكلي: Study guides.
670 ## - بيانات المصدر موجوده
- الاستشهاد بالمصدر: Work cat.: (OSt)0: CompTIA cloud essentials certification study guide :
